Breve visión de la Historia económica contemporanea (Registro nro. 6120)
[ vista simple ]
| 000 -LEADER | |
|---|---|
| fixed length control field | 00750 a2200193 4500 |
| 001 - CONTROL NUMBER | |
| control field | 57118 |
| 005 - DATE AND TIME OF LATEST TRANSACTION | |
| control field | 20260407155833.0 |
| 008 - FIXED-LENGTH DATA ELEMENTS--GENERAL INFORMATION | |
| fixed length control field | 260407a arg spa d |
| 003 - CONTROL NUMBER IDENTIFIER | |
| control field | AR-UNSa-BCEJYS |
| 040 ## - CATALOGING SOURCE | |
| Original cataloging agency | AR-UNSa-BCEJYS |
| Language of cataloging | spa |
| Transcribing agency | AR-UNSa-BCEJYS |
| 080 ## - UNIVERSAL DECIMAL CLASSIFICATION NUMBER | |
| Universal Decimal Classification number | 94:33 |
| Common auxiliary subdivision | Historia económica |
| 100 1# - MAIN ENTRY--PERSONAL NAME | |
| Personal name | Pommery, Luis |
| 245 10 - TITLE STATEMENT | |
| Title | Breve visión de la Historia económica contemporanea |
| 300 ## - PHYSICAL DESCRIPTION | |
| Extent | 2v.(005-338; 005-248 p.) |
| Dimensions | 20 cm. |
| 505 ## - FORMATTED CONTENTS NOTE | |
| Formatted contents note | 1. El apogeo del mundo liberal – 2.La guerra y sus consecuencias – 3.La reconstrucción de Europa y el boom americano – 4.La crisis de 1929 – 5.Las grandes experiencias en la pendiente hacia la guerra. <br/> |
| 590 ## - LOCAL NOTE (RLIN) | |
| Local note | niveau_biblio:m niveau_hierar:0 |
| 700 1# - ADDED ENTRY--PERSONAL NAME | |
| Personal name | Huera, Carmen |
| 942 ## - ADDED ENTRY ELEMENTS (KOHA) | |
| Koha item type | |
| Withdrawn status | Lost status | Damaged status | Not for loan | Home library | Current library | Shelving location | Date acquired | Total checkouts | Full call number | Barcode | Date last seen | Price effective from | Koha item type |
|---|---|---|---|---|---|---|---|---|---|---|---|---|---|
| Biblioteca Prof. Eusebio Cleto del Rey | Biblioteca Prof. Eusebio Cleto del Rey | 07/04/2026 | 94:33 P787 v.1 | L20838 | 07/04/2026 | 07/04/2026 | Libro | ||||||
| Biblioteca Prof. Eusebio Cleto del Rey | Biblioteca Prof. Eusebio Cleto del Rey | 07/04/2026 | 94:33 P787 v.1 | L20840 | 07/04/2026 | 07/04/2026 | Libro | ||||||
| Biblioteca Prof. Eusebio Cleto del Rey | Biblioteca Prof. Eusebio Cleto del Rey | 07/04/2026 | 94:33 P787 v.2 | L20839 | 07/04/2026 | 07/04/2026 | Libro | ||||||
| Biblioteca Prof. Eusebio Cleto del Rey | Biblioteca Prof. Eusebio Cleto del Rey | 07/04/2026 | 94:33 P787 v.2 | L20841 | 07/04/2026 | 07/04/2026 | Libro |